NLSUI OPAC header image

J. P. Kaipidi (Record no. 120239)

MARC details
000 -LEADER
fixed length control field 00321nam a2200121Ia 4500
008 - FIXED-LENGTH DATA ELEMENTS--GENERAL INFORMATION
fixed length control field 200619s9999 xx 000 0 und d
100 ## - MAIN ENTRY--PERSONAL NAME
Personal name Nagabhushana D. S.
245 #0 - TITLE STATEMENT
Title J. P. Kaipidi
264 ## - PRODUCTION, PUBLICATION, DISTRIBUTION, MANUFACTURE, AND COPYRIGHT NOTICE
Place of production, publication, distribution, manufacture Sagar
Name of producer, publisher, distributor, manufacturer Mudrana Offset Printers
300 ## - PHYSICAL DESCRIPTION
Extent 24
942 ## - ADDED ENTRY ELEMENTS (KOHA)
Koha item type CSSEIP Office Library Collection
Holdings
Withdrawn status Lost status Damaged status Not for loan Home library Current library Shelving location Date acquired Total Checkouts Barcode Date last seen Price effective from Koha item type
        . . CSSEIP Office Library 25.06.2020   CSSEIP701 23.06.2020 23.06.2020 CSSEIP Office Library Collection